Prepositions and adverbial practicles
Salvato in:
| Autore principale: | |
|---|---|
| Natura: | Libro |
| Lingua: | inglese |
| Pubblicazione: |
Londres
Longmans, Green and Co
1965
|
| Soggetti: | |
| Tags: |
Aggiungi Tag
Nessun Tag, puoi essere il primo ad aggiungerne!!
|
MARC
| LEADER | 00000nam a2200000 a 4500 | ||
|---|---|---|---|
| 001 | UCQ3274 | ||
| 003 | CL-VaPUC | ||
| 008 | 980817e19650000UK |||||||||||||||||eng|d | ||
| 082 | 0 | 4 | |a 425 |b HEA |2 21 |
| 100 | |a Heaton, J. B |e author |9 463643 | ||
| 245 | 1 | 0 | |a Prepositions and adverbial practicles |
| 300 | |a 160 p | ||
| 942 | |c BK | ||
| 945 | |d 19980817 00:00:00 |a crobeson | ||
| 260 | |a Londres |b Longmans, Green and Co |c 1965 | ||
| 650 | 0 | |a Inglés |9 260023 | |
| 650 | 0 | |a Gramática |9 270497 | |
| 650 | 0 | |a Morfología |9 334440 | |
| 650 | 7 | |a LINGUISTICA DESCRIPTIVA |2 CL-VaPUC |9 417321 | |
| 583 | |a last modification |c 19980817 00:00:00 |k Rodrigo Vera | ||
| 999 | |c 273870 |d 273868 | ||
| 952 | |0 0 |1 0 |4 0 |6 425_000000000000000_HEA_1965 |7 0 |8 A |9 309816 |a BIBEDU |b BIBEDU |d 2019-11-20 |i 1454935 |l 2 |o 425 HEA 1965 |p 1454935 |r 2024-03-14 |s 2024-03-14 |w 2019-11-20 |y BK |k LIT | ||